| 000 | 01068nas a2200361 4500 | ||
|---|---|---|---|
| 001 | BR2012000459 | ||
| 003 | BR-BrBNA | ||
| 005 | 20231205120204.0 | ||
| 007 | ta | ||
| 008 | 230509b bl.|||p| |||| 00| 00por d | ||
| 040 |
_aBR-BrBNA _bpor _cBiblioteca Nacional de Agricultura |
||
| 041 | _a(Pt) | ||
| 072 | _aT01; P10 | ||
| 100 | 1 | _aPassos, C.T.dos | |
| 100 | 1 | _aSilva, A.P.R.da | |
| 100 | 1 | _aBraga, A.R.C. | |
| 100 | 1 | _aSanzo, A.V.L. | |
| 100 | 1 | _aKalil, S.J. | |
| 245 | 1 | _aVariação sazonal da contaminação por coliformes na areia e água da praia do cassino, Rio Grande-RS | |
| 650 | _aRIO GRANDE DO SUL | ||
| 650 | _aECOLOGIA | ||
| 650 | _aCONDIÇÃO AMBIENTAL | ||
| 650 | _aÁGUAS OCEÂNICAS | ||
| 650 | _aCOLIFORMES | ||
| 650 | _aPOLUIÇÃO MARINHA | ||
| 650 | _aCONTAMINAÇÃO | ||
| 650 | _aAREIA | ||
| 650 | _aBACTÉRIA | ||
| 650 | _aSAÚDE PÚBLICA | ||
| 773 | 0 |
_tArquivos Ciências do Mar (Brazil) _xISSN 0374-5686 _g(2011), v. 44(1) p. 21-26 _wBR2012000459 |
|
| 909 |
_a202311 _bLúcia _c55 _dLúcia Elande |
||
| 942 |
_2AGRIS _n0 _cANA |
||
| 999 |
_c217372 _d217372 |
||